000 00699nam a2200217Ia 4500
003 GCL
008 140319s9999 xx 000 0 ara d
040 _aGCL /
_cGCL
082 0 4 _a791.43
_bف د
100 1 _aفيلدمان، جوزيف هارى
245 1 0 _aدينامية الفيلم /
_cفيلدمان، جوزيف هارى
700 1 _aمحمد عبدالفتاح قناهرى
300 _a219 ص
490 _aالالف كتاب الثانى
_v0
650 0 4 _aالافلام السينمائية
650 0 4 _aالسينما
650 0 4 _aالسينما والمسرح
650 0 4 _aالتصوير السينمائى
650 0 4 _aالسينما والادب
942 _2ddc
_cBK
999 _c50050
_d50050